| 000 | 01209nam a2200337 a 4500 | ||
|---|---|---|---|
| 001 | 000016978 | ||
| 003 | DO-SdBNP | ||
| 005 | 20240715140508.0 | ||
| 007 | ta | ||
| 008 | 100312s2010 dr 000 0 spa d | ||
| 020 | _a9789945020786 | ||
| 040 |
_aDO-SdBNP _bspa _cBNPHU |
||
| 049 | _aBNPD | ||
| 082 | 4 |
_a907.2 _bV455m _222 |
|
| 100 | 1 |
_aVenegas Delgado, Hernán _937517 |
|
| 245 | 1 | 0 |
_aMetodología de la investigación en historia regional y local / _cHernán Venegas Delgado ; prólogo Roberto Cassá, Raymundo González. |
| 260 |
_aSanto Domingo : _bBúho, _c2010. |
||
| 300 |
_a241 p. : _bil., _c23 cm. |
||
| 490 | 0 |
_aArchivo General de la Nación ; _v91 |
|
| 500 | _aIncluye índice onomástico | ||
| 500 | _aIncluye referencias bibliográficas y notas al pie de las páginas | ||
| 500 | _aIncluye datos biográficos del autor en las solapas | ||
| 590 | _aInventariado, 2023/MFF | ||
| 650 | 4 |
_aHistoria _xInvestigaciones _980371 |
|
| 650 | 4 |
_aHistoria _xMetodología _981202 |
|
| 650 | 4 |
_aHistoriografía _913064 |
|
| 700 | 1 |
_aCassá, Roberto, _d1948- _epról. _910888 |
|
| 700 |
_aGonzález, Raymundo _epról. _96373 |
||
| 910 | _aValidado. Control de calidad MFF | ||
| 942 |
_2ddc _cLBS1 |
||
| 999 |
_c16508 _d16508 |
||